Jüdische Identitäten in Mitteleuropa. - Tübingen : Niemeyer. - 2002 [Rezension]
| Titel: | Jüdische Identitäten in Mitteleuropa. - Tübingen : Niemeyer. - 2002 [Rezension] |
|---|---|
| Verfasser: | |
| In: |
Judaica, Band 62 (2006), Seite 175-179 alle Artikel anzeigen |
| Veröffentlicht: | 2006 |
| Format: | Aufsatz |
| Sprache: | Deutsch |
X
alg: 39496090 001A $01999:12-11-16 001B $01999:04-08-21 $t21:00:29.000 001C $06050:23-02-17 $t16:44:30.000 001D $01999:12-11-16 001U $0utf8 001X $00 002@ $0Aox 003@ $0394960904 007A $0394960904 $aHEB 007T $0Herdd03163 010@ $ager 011@ $a2006 021A $aJüdische Identitäten in Mitteleuropa. - Tübingen : Niemeyer. - 2002 [Rezension] 028A $aWerberger $dAnnette 031A $d62 $h175-179 $j2006 039B $aIn $8--Abvc--. Judaica. - Zürich : Zürcher Institut für Interreligiösen Dialog (ZIID), 1945-[2018]. - ISSN 0022-572X $x200600000620000825 $9047669764 039T $8--Aau--. Jüdische Identitäten in Mitteleuropa. - Tübingen : Niemeyer, 2002. - VI, 325 S.. - ISBN 3-484-65138-5 $9105506710 045F $a900.9437 $eDDC23BSB 045F/01 $a900 045F/03 $g437 045T $a7,7 $a1 $a0 045T $aJUDAICA $qDE-30 $2FID lok: 39496090 78 exp: 39496090 78 1 #EPN 201B/01 $018-11-16 $t13:16:18.000 201U/01 $0utf8 203@/01 $0791259471 208@/01 $a12-11-16 $be 209A/01 $a/ $f000 $x00 220C/01 $aTitelaufnehmer: dt 244Z/01 $2Trx $#Kesk- ja Ida- Euroopa kontseptsioonid $#Vidurio Europos koncepcijos $#East-Central Europe $#Keletközépeurópa-eszmék $#Europa Środkowo-Wschodnia koncepcje $#Európa stredovýchodná koncepcie $#Evropa střední, východní část koncepce $#Mitteleuropa $#Osteuropakonzeptionen $#Europa Środkowa koncepcje $#Stredná Európa koncepcie $#Střední Europa koncepce $8--Trx--Ostmitteleuropakonzeptionen $x01 $9391364286 244Z/01 $2Trx $#arvustused $#recenzijos $#Reviews $#recenziók $#recenzje $#recenzie $#recenze $8--Trx--Rezensionen $x02 $9391357441 247C/01 $82080>Marburg/Lahn, Herder-Institut, Forschungsbibliothek, Bibliographieportal $9336309341
| LEADER | 00000caa a22000002c 4500 | ||
|---|---|---|---|
| 001 | 394960904 | ||
| 003 | DE-603 | ||
| 005 | 20210804210029.0 | ||
| 007 | tu | ||
| 008 | 161112s2006 xx |||| | u00||u|ger c | ||
| 035 | |a (DE-599)HEB394960904 | ||
| 040 | |a DE-603 |b ger |c DE-603 |d DE-603 | ||
| 041 | |a ger | ||
| 082 | 0 | 4 | |8 1\u |a 900.9437 |q DE-101 |2 23/BSB |
| 084 | |a 7,7 |a 1 |a 0 |2 ssgn | ||
| 084 | |a JUDAICA |q DE-30 |2 fid | ||
| 085 | |8 1\u |b 900 | ||
| 085 | |8 1\u |z 2 |s 437 | ||
| 100 | 1 | |a Werberger, Annette | |
| 245 | 0 | 0 | |a Jüdische Identitäten in Mitteleuropa. - Tübingen : Niemeyer. - 2002 [Rezension] |
| 264 | 0 | |c 2006 | |
| 773 | 0 | 8 | |i In |t Judaica |d Zürich : Zürcher Institut für Interreligiösen Dialog (ZIID), 1945-[2018] |x 0022-572X |g Band 62 (2006), Seite 175-179 |w (DE-603)047669764 |w (DE-600)501373-2 |
| 787 | 0 | 8 | |i Rezension von |t Jüdische Identitäten in Mitteleuropa |d Tübingen : Niemeyer, 2002 |h VI, 325 S., 23 cm |z 3484651385 |w (DE-603)105506710 |
| 924 | 0 | |9 2080 |a (DE-603)791259471 |b DE-2080 |c HES |d d |g / | |


